000 00774cam a2200253 a 4500
008
020 _a9780495125709 (pbk.)
049 _aMAIN
090 _aQD79.I5
_bSKO
100 1 _aSkoog, Douglas A.
245 1 0 _aPrinciples of instrumental analysis /
_cDouglas A. Skoog, F. James Holler, Stanley R. Crouch.
250 _a6th ed.
260 _aAustralia :
_bThompson Brooks/Cole,
_c2007.
300 _axv, 1039 p. :
_bill. ;
_c26 cm.
504 _aIncludes bibliographical references
500 _aIncludes Index.
650 0 _aInstrumental analysis.
700 1 _aHoller, F. James.
907 _a.b10280546
_b02-12-15
_c16-08-10
003
005 20230123125032.0
040 _cNUST
942 _cBOOKS
_kQD79.I5
_mSKO
999 _c134572
_d134572